Library Banner

Journal of Islamic studies (Vol 24 No. 1,2,3) (Record no. 96533)

MARC details
000 -LEADER
fixed length control field 00350nam a22001337a 4500
005 - DATE AND TIME OF LATEST TRANSACTION
control field 20180308122121.0
008 - FIXED-LENGTH DATA ELEMENTS--GENERAL INFORMATION
fixed length control field 170807b xxu||||| |||| 00| 0 eng d
040 ## - CATALOGING SOURCE
Transcribing agency PK-LaUMT
082 ## - DEWEY DECIMAL CLASSIFICATION NUMBER
Classification number ZIAC 297.05
Item number JOU-
245 ## - TITLE STATEMENT
Title Journal of Islamic studies (Vol 24 No. 1,2,3)
260 ## - PUBLICATION, DISTRIBUTION, ETC. (IMPRINT)
Place of publication, distribution, etc London:
Name of publisher, distributor, etc Oxford university,
Date of publication, distribution, etc 2013
300 ## - PHYSICAL DESCRIPTION
Extent 134 p.
942 ## - ADDED ENTRY ELEMENTS (KOHA)
Koha item type Books
Holdings
Withdrawn status Lost status Damaged status Home library Current library Date acquired Full call number Barcode Date last seen Price effective from Koha item type Copy number
      UMT Main Campus UMT Main Campus 2017-08-07 ZIAC 297.05 JOU- 112108 2017-08-07 2017-08-07 Books  
      UMT Main Campus UMT Main Campus 2017-08-07 ZIAC 297.05 JOU- 112106 2017-08-07 2017-08-07 Books c-2
      UMT Main Campus UMT Main Campus 2017-08-07 ZIAC 297.05 JOU- 112107 2017-08-07 2017-08-07 Books c-3